Norbrook Laboratories Ltd v A Tank (1) Moulson Chemplant Ltd (2) (Record no. 77489)

MARC details
000 -LEADER
fixed length control field 01911cab a2200217 4500
001 - CONTROL NUMBER
control field ##L134373
008 - FIXED-LENGTH DATA ELEMENTS--GENERAL INFORMATION
fixed length control field 060801n2006 000 0 eng u
035 ## - SYSTEM CONTROL NUMBER
System control number (Sirsi) u134373
041 0# - LANGUAGE CODE
Language code of text/sound track or separate title eng
245 00 - TITLE STATEMENT
Title Norbrook Laboratories Ltd v A Tank (1) Moulson Chemplant Ltd (2)
260 ## - PUBLICATION, DISTRIBUTION, ETC.
Date of publication, distribution, etc. 2006
520 ## - SUMMARY, ETC.
Summary, etc. [2006] EWHC 1055 Comm, 12 May 2006. Application by N for the removal of T, an arbitrator, and for an order setting aside his decisions. T was appointed under the short procedure arbitration rules of the Institution of Chemical Engineers to resolve a dispute between N and M. N expressed concern about a number of T's actions, in particular his direct contact with witnesses, one of whom N believed was likely to be hostile because of a separate matter. N gave notice to terminate the short procedure. T awarded M's costs against N. N argued that it had suffered substantial injustice, both because there were doubts about T's impartiality, and because his conduct amounted to a serious irregularity. "Held": T's conduct in contacting witnesses directly amounted to a failure to conduct the proceedings properly, such that a fair-minded and informed observer would conclude there was a real possibility of bias. For that reason, his decisions had to be set aside, and T removed as arbitrator. Apart from this, T's decisions and actions did not disclose serious irregularity. The application was granted.
590 ## - LOCAL NOTE (RLIN)
Local note IKA010806
650 24 - SUBJECT ADDED ENTRY--TOPICAL TERM
Topical term or geographic name entry element NORBROOK LABORATORIES LTD V A TANK AND ANOTHER
650 24 - SUBJECT ADDED ENTRY--TOPICAL TERM
Topical term or geographic name entry element ARBITRATION ACT 1996 S24
650 24 - SUBJECT ADDED ENTRY--TOPICAL TERM
Topical term or geographic name entry element ARBITRATION ACT 1996 S68
651 #4 - SUBJECT ADDED ENTRY--GEOGRAPHIC NAME
Geographic name England and Wales
Chronological subdivision 1543-
690 ## - LOCAL SUBJECT ADDED ENTRY--TOPICAL TERM (OCLC, RLIN)
Topical term or geographic name as entry element MANAGEMENT-DISPUTE AVOIDANCE, MANAGEMENT AND RESOLUTION-DISPUTE MANAGEMENT AND RESOLUTION-ARBITRATION-ARBITRATORS
856 41 - ELECTRONIC LOCATION AND ACCESS
Uniform Resource Identifier <a href="https://www.bailii.org/cgi-bin/markup.cgi?doc=/ew/cases/EWHC/Comm/2006/1055.html">https://www.bailii.org/cgi-bin/markup.cgi?doc=/ew/cases/EWHC/Comm/2006/1055.html</a>
Public note View the item free of charge at www.bailii.org...
942 ## - ADDED ENTRY ELEMENTS (KOHA)
Suppress in OPAC 0
Holdings
Withdrawn status Lost status Source of classification or shelving scheme Damaged status Not for loan Home library Current library Shelving location Date acquired Total Checkouts Full call number Barcode Date last seen Copy number Price effective from Koha item type
    Dewey Decimal Classification     Virtual Virtual Online 01/08/2006   ONLINE PUBLICATION 134373-1001 06/08/2019 1 06/08/2019 Law report